000 00257nam a22001217a 4500
008 190222b xxu||||| |||| 00| 0 eng d
041 _aeng
080 _a510
100 _a36
101 _aMAT
245 _aElementary Algebra
_cBittinger
942 _2udc
_cBK
999 _c54134
_d54134